000 004780000a22001810004500
020 _a84-7009-025-9
041 0 _aSPA
082 0 4 _aG 266.01 E779c
100 1 _aEsquerda Bifet, Juan
245 1 0 _aCristianos sin fronteras : Espiritualidad misionera / Juan Esquerda Bifet
260 _a[S.L] : ALDECOA
300 _a149 Pag
001 7573
942 _cBK
999 _c37780
_d37780
336 _atexto
_btxt
_2rdacontent
337 _2rdamedia
_asin mediación
_bn
338 _2rdacarrier
_avolumen
_bnc